PERROUX INTERROGA A MARCUSE/

TRADUCCION DE: FRANCOIS PERROUX INTERROGE HERBERT MARCUSE QUI REPOND

Uloženo v:
Podrobná bibliografie
Hlavní autor: Perroux, François (autor)
Médium: Kniha
Edice:(Punto de Vista)
Témata:
Tagy: Přidat tag
Žádné tagy, Buďte první, kdo vytvoří štítek k tomuto záznamu!

MARC

LEADER 00000nam^a2200000^a^4500
001 000223412
005 20250521000000.0
009 20260310104017.008
035 |a 041821 
037 |a Acervo Xavier Clavigero 
082 |a 301.  |b PER 
100 |a Perroux, François  |e (autor) 
245 1 0 |a PERROUX INTERROGA A MARCUSE/  |c FRANCOIS PERROUX; TR. RAMIRO GUAL 
264 |a BARCELONA :  |b NOVA TERRA,  |c 1970 
300 |a 148p. 
336 |a texto  |b txt  |2 rdacontenido 
337 |a sin mediación  |b n  |2 rdamedio 
338 |a volumen  |b nc  |2 rdasoporte 
440 |a (Punto de Vista) 
520 |a TRADUCCION DE: FRANCOIS PERROUX INTERROGE HERBERT MARCUSE QUI REPOND 
649 |a XX 
650 |a SOCIOLOGIA 
650 |a Marcuse, Herbert 
910 |a Fondo General 
920 |a Impresos - Libros 
930 |a Colección General 
905 |a 101 
901 |a 041821  |b IT1  |c ACC  |i 041821  |u 20250521 
902 |a https://opac.biblio.iteso.mx/vufind/Record/000223412